000 01047nam a2200277Ia 4500
001 Para_2967
003 CHAP
008 220125s1983 xx 000 0 und d
010 _a199592
040 _cCHAP
090 _aPA FOLLETO 2968
100 _aFarías Fernández, José Manuel
_939789
245 _aAlternativas para optimizar el uso del agua de riego en la producción de forraje /
_c por José Manuel Farías Fernández, Héctor Mario Quiroga G. y Rodolfo Faz C.
260 _aMatamoros, Coah. :
_b INIA. Campo Agrícola Experimental de La Laguna
300 _a13 p.
440 _aFolleto para productores; 6
_9164816
650 _aAgua para irrigación Agua
_x Utilización Forrajes
_x Rendimiento
_9164817
710 _aInstituto Nacional de Investigaciones Agrícolas . México. Campo Agrícola Experimental La Laguna
_9164818
901 _aPA FOLLETO 2968
902 _aA
905 _a0000001983 MATai 0000000000 00
910 _a1983
942 _cPARA
942 _cPARA
_d1
999 _c199592
_d199592